Normal view
MARC view
- Kindle, Joseph
Entry Personal Name
001 - CONTROL NUMBER
- control field: 6954
003 - CONTROL NUMBER IDENTIFIER
- control field: OSt
005 - DATE AND TIME OF LATEST TRANSACTION
- control field: 20250117110143.0
008 - FIXED-LENGTH DATA ELEMENTS
- fixed length control field: 250117|| aca||aabn | a|a d
040 ## - CATALOGING SOURCE
- Original cataloging agency: OSt
- Transcribing agency: OSt
100 ## - HEADING--PERSONAL NAME
- Personal name: Kindle, Joseph
670 ## - SOURCE DATA FOUND
- Source citation: Work cat.: (OSt)19044: Kindle, Joseph, Theory and Problems of Plan and Solid Geometry Schaum's Outline Series
